000 00507nam a22001697a 4500
999 _c21067
_d21067
003 AR-CdUCM
008 190926b ||||| |||| 00| 0 eng d
040 _aMUNICIPALIDAD PROVINCIAL DEL CUSCO
_cBIBLIOTECA MUNICIPAL DEL CUSCO
082 _a750 /
_bT96
110 _aKyoko Adaniya-Baier
_943864
245 _aTuschmalerei Kyoko Adaniya-Baier
260 _aAustria :
_bAdaniya-Baier,
300 _a31 páginas ;
_bfotografĂ­as ;
_c29 cm.
650 _aPintura
_93081
942 _2ddc
_cLIBROS
945 _azta